01539nam a22001937a 4500003000900000005001700009008004100026040001300067100003100080245014500111250001100256260003300267300001800300490004300318520085500361942001201216999001701228952010001245IT-RoPau20220918181102.0130325b xxu||||| |||| 00| 0 eng d cIT-RoPau aVII Capitolo Generale9498 a"Vuestra parroquia es el mundo", Reflexiones capitularesbReflexiones capitulares para el VII Capítulo General de la Sociedad de San Pablo a1° ed aRomabSSP Casa Generalc1998 a96 pp.c21 cm aSociedad de San Pablov1° fascículo aIndice Presentación del P. Pietro Campus, Superior General A manera de introducción Los tres escenarios I. escenario: La Iglesia en el Mundo Los desafíos que hoy tiene planteados la acción pastoral, de Casiano Floristán II Escenario: El paulino en la Iglesia y en el mundo El paulino ante el reto de la nueva evangelización, de Manuel de Unciti Ayerdi Escenario III: El Ministerio del Paulino La actualización de la misión de Silvio Sassi Iluminación Las tres partes de la "iluminación" de Bartolomeo Sorge Primera parte. Fidelidad dinámica al carisma del P. Alberione Segunda parte. Las nuevas dimensiones de la misión paulina Tercera parte. Como contemplativos en la comunicación social Reflexiones en vista de las elecciones Elegir a travéz del disciernimiento para gobernar en el servicio, de José M. Arnáiz 2ddccBK c98279d98279 00102ddc406P_C471aPAULUSbPAULUSd2013-03-25l0oP C4r2013-03-25 00:00:00w2013-03-25yBK